000 00297nam a2200121Ia 4500
008 190216s9999||||xx |||||||||||||| ||und||
100 _aDr.Kajal Pandey
245 0 _aHindi-Dwizdev Ke Kavya Mein Bimba Vidhan
260 _bHarsh Publishing
_c2010
300 _a104
650 _aHindi
942 _cBK
999 _c16781
_d16781